000 01340cam a22003611 4500
001 data
005 20260322212111.0
008 data
035 _a6482286
906 _a0
_bcbc
_cpremunv
_du
_encip
_f19
_gy-gencatlg
010 _a 48041875
035 _9(DLC) 48041875
040 _aDLC
_beng
_cCarP
_dDLC
043 _aa-ja---
_aa-ii---
_aa-ja---
050 0 0 _aBV2290
_b.G85 (Rare Bk. Coll.)
100 1 _aGuerreiro, Fernāo,
_d1550?-1617.
245 1 0 _aRelación anual de las cosas que han hecho los padres de la Compañía de Jesus en la India Oriental y Iapon, en los anos de 600 y 601 :
_bdel progresso de la conuersion y christiandad de aquellas partes. Sacada de las cartas generales que han venido de alla.
260 _aVallodolid,
_bL. Sanchez,
_c1604.
300 _a682 p.
_c19 cm.
336 _atext
_btxt
_2rdacontent
337 _aunmediated
_bn
_2rdamedia
338 _avolume
_bnc
_2rdacarrier
610 2 0 _aJesuits
_xMissions.
650 0 _aMissions
_zJapan.
650 0 _aMissions
_zChina.
650 0 _aMissions
_zIndia.
700 1 _aCollaço, Antonio,
_d1568-1647,
_etr.
985 _arblacfederal
_d20190214
991 _bc-GenColl
_hBV2290
_i.G85 (Rare Bk. Coll.)
_tCopy 1
_wPREM
999 _c1650
_d1650